| 000 | 00695nam a2200217Ia 4500 | ||
|---|---|---|---|
| 003 | OSt | ||
| 005 | 20250925143554.0 | ||
| 008 | 210719s2000 xx 000 0 und d | ||
| 040 | _cAL | ||
| 041 | _aTulu | ||
| 082 | _aT894.2 MANB | ||
| 100 |
_aMANGALUR MANI _dಮಂಗಳೂರು ಮಣಿ _9179810 |
||
| 245 |
_aBolli mudundu, signal Virappa _bಬೊಳ್ಳಿ ಮೂಡುಂಡು, ಸಿಗ್ನಲ್ ವೀರಪ್ಪ |
||
| 260 |
_aMangaluru _bDurga Prakashana _c2000 |
||
| 300 |
_a43 _bPB |
||
| 365 |
_b21 _cRs |
||
| 650 |
_aSubramanya _9179811 |
||
| 650 |
_aTulu Drama _9179811 |
||
| 906 | _aBolli ; mudundu, ; natakalu ; Samajika ; signal ; tulu ; Virappa | ||
| 942 |
_2ddc _cBK |
||
| 999 |
_c214836 _d214836 |
||